00528nam a2200205Ia 4500003000400000005001700004008004100021020002200062040000700084041000800091082001600099100003100115245006500146250000700211260004400218300001700262365001300279650001500292650001500307OSt20230509132701.0210423s2014 xx 000 0 und d a978-93-83866-49-6 cAL aeng a657.46 MEHD aMEHROTRA (H.C);GOYAL (S,P) aDirect taxes law and practice: wealth tax and planning Ed50 a50 aAgrabSahitya Bhawan Publicationsc2014 aiii,984pbPB b600cINR aAccounting aIncome Tax